000
00491nam a2200181Ia 4500
008
090124s9999 xx 000 0 und d
082
_b
20519
100
_a
आपटे हरि नारायण
245
_a
उष:काल
250
_a
9
260
_c
1965
300
_a
15+504
600
_a
आपटे हरि नारायण
630
_a
उष:काल
700
_a
आपटे हरि नारायण
730
_a
उष:काल
942
_c
BOOK
999
_c
134324
_d
134324